[Event "GBR-ch71W"]
[Site "Brighton"]
[Date "1984.08.06"]
[Round "3"]
[White "Khadilkar, Rohini"]
[Black "Norman, Dinah"]
[Result "1-0"]
[WhiteElo "2115"]
[BlackElo "2015"]
[PlyCount "63"]
[EventDate "1984.08.04"]
[EventType "swiss"]
[EventRounds "7"]
[EventCountry "GBR"]
[SourceTitle "BritBase"]
[Source "John Saunders"]
[SourceDate "2020.09.07"]
[SourceVersion "1"]
[SourceVersionDate "2020.09.07"]
[SourceQuality "2"]

1. e4 e6 2. d4 d5 3. Nd2 c5 4. exd5 exd5 5. Ngf3 Nf6 6. Bb5+ Bd7 7. Bxd7+ Nbxd7
8. O-O Be7 9. dxc5 Nxc5 10. Nb3 O-O 11. Bf4 Nce4 12. c3 a6 13. Qd3 Qd7 14. Bg3
Nxg3 15. hxg3 Qg4 16. Rfe1 Bd6 17. Nfd4 Rfe8 18. Qf5 Rad8 19. Rad1 b6 20. Kf1
Bc5 21. Qxg4 Rxe1+ 22. Rxe1 Nxg4 23. Nxc5 bxc5 24. Nc6 Ra8 25. Ne7+ Kf8 26.
Nxd5 Rb8 27. b3 Rb7 28. c4 Nh6 29. Re5 g6 30. Nc3 Nf5 31. Rxc5 Nd4 32. Nd5 1-0

[Event "GBR-ch71 Major Open"]
[Site "Brighton"]
[Date "1984.07.30"]
[Round "1"]
[White "Adams, Michael"]
[Black "Denman, Brian John"]
[Result "0-1"]
[WhiteElo "1976"]
[BlackElo "2312"]
[PlyCount "68"]
[EventDate "1984.07.30"]
[EventType "swiss"]
[EventRounds "11"]
[EventCountry "GBR"]

1. e4 c5 2. Nf3 e6 3. d4 cxd4 4. Nxd4 Nf6 5. Nc3 d6 6. g4 Nc6 7. g5 Nd7 8. h4
Be7 9. Be3 Nb6 10. Nb3 O-O 11. Bd3 Ne5 12. Qe2 Bd7 13. f4 Nxd3+ 14. cxd3 Na4
15. Nxa4 Bxa4 16. Kf2 d5 17. Nd4 dxe4 18. dxe4 Rc8 19. b3 Bd7 20. Nf3 Bc6 21.
Bd4 Qa5 22. a4 Bc5 23. Bxc5 Qxc5+ 24. Kg3 Qb4 25. Nd2 Rfd8 26. Rad1 Qc3+ 27.
Kf2 Rd3 28. Rh2 Rcd8 29. Kf1 b5 30. a5 b4 31. Kg1 Bb5 32. Qf2 Qc2 33. Qe1 Re3
34. Nf1 Qxd1 {Source: B J Denman, 17 September 2020} 0-1

[Event "GBR-ch71 Major Open"]
[Site "Brighton"]
[Date "1984.07.30"]
[Round "1"]
[White "Henshaw, John C"]
[Black "Crawley, Gavin"]
[Result "1-0"]
[WhiteElo "2208"]
[BlackElo "2296"]
[PlyCount "123"]
[EventDate "1984.07.30"]
[EventType "swiss"]
[EventRounds "11"]
[EventCountry "GBR"]

1. e4 e5 2. Nf3 Nc6 3. Bb5 a6 4. Ba4 Nf6 5. O-O Be7 6. Bxc6 dxc6 7. d3 Nd7 8.
Nbd2 O-O 9. Nc4 f6 10. Nh4 Nc5 11. Qf3 Be6 12. b3 b5 13. Ne3 g6 14. Qg3 Kh8 15.
Bb2 Bd6 16. Nf3 Qe7 17. Qh4 Rae8 18. d4 exd4 19. Bxd4 Bd7 20. Nd2 Kg8 21. Rae1
f5 22. Qxe7 Bxe7 23. exf5 gxf5 24. Nd1 Bd6 25. f3 Ne6 26. Be3 Kf7 27. g3 Rg8
28. Kf2 f4 29. gxf4 Be7 30. Ne4 Bh4+ 31. Ng3 Ng7 32. Rg1 Bf5 33. Nb2 Bxc2 34.
Rc1 Bg6 35. Rxc6 Re7 36. Rgc1 Nf5 37. Rxc7 Rd8 38. Rxe7+ Kxe7 39. Bc5+ Ke6 40.
Rd1 Rxd1 41. Nxd1 Kd5 42. Ba7 b4 43. Ne3+ Nxe3 44. Kxe3 Bb1 45. Kd2 Bf6 46. Kc1
Bxa2 47. Ne4 Bg7 48. Kc2 a5 49. Nd2 Kc6 50. Bb8 Kd5 51. Nc4 a4 52. Nb6+ Kd4 53.
Nxa4 Ke3 54. Be5 Bh6 55. f5 Kxf3 56. f6 Bf8 57. Bc7 Kg2 58. Kb2 Bxb3 59. Kxb3
h5 60. Nb6 h4 61. Nd7 Bh6 62. f7 {Source: J C Henshaw via Brian Denman, 17
September 2020} 1-0

[Event "GBR-ch71 Major Open"]
[Site "Brighton"]
[Date "1984.07.31"]
[Round "2"]
[White "Denman, Brian John"]
[Black "Parr, Frank"]
[Result "1-0"]
[WhiteElo "2312"]
[BlackElo "2200"]
[PlyCount "53"]
[EventDate "1984.07.30"]
[EventType "swiss"]
[EventRounds "11"]
[EventCountry "GBR"]

1. e4 c5 2. Nc3 Nc6 3. Nf3 e6 4. d4 cxd4 5. Nxd4 a6 6. Be2 Nge7 7. Be3 b5 8. a3
Nxd4 9. Qxd4 Nc6 10. Qd2 Be7 11. O-O O-O 12. f4 Qc7 13. Rad1 Na5 14. Qd3 d6 15.
Rf3 Bb7 16. Rg3 Nc4 17. Bc1 Rac8 18. Kh1 Rfd8 19. b3 Nb6 20. Bb2 e5 21. Bg4 Rb8
22. Rh3 Bc8 23. Bf5 Bxf5 24. exf5 f6 25. Nd5 Nxd5 26. Qxd5+ Kh8 27. Rxh7+ {
Source: B J Denman, 17 September 2020} 1-0

[Event "GBR-ch71 Major Open"]
[Site "Brighton"]
[Date "1984.07.31"]
[Round "2"]
[White "Rodericks, Suri J"]
[Black "Henshaw, John C"]
[Result "0-1"]
[WhiteElo "2144"]
[BlackElo "2208"]
[PlyCount "110"]
[EventDate "1984.07.30"]
[EventType "swiss"]
[EventRounds "11"]
[EventCountry "GBR"]

1. d4 Nf6 2. c4 c5 3. d5 d6 4. Nc3 g6 5. e4 Bg7 6. Nf3 O-O 7. Be2 e6 8. O-O Re8
9. Qc2 Na6 10. Bf4 exd5 11. cxd5 Nc7 12. Rfe1 Bg4 13. a4 a6 14. a5 Bxf3 15.
Bxf3 Nb5 16. Be3 Nd7 17. Qb3 Nd4 18. Bxd4 Bxd4 19. Ne2 Bg7 20. Nc3 Qc7 21. Bg4
Re7 22. f4 Bd4+ 23. Kh1 Rae8 24. Bf3 Nf6 25. Qc2 Bxc3 26. bxc3 Nxd5 27. Qd2 Nf6
28. Red1 Nxe4 29. Bxe4 Rxe4 30. h3 Qc6 31. f5 R8e5 32. fxg6 hxg6 33. Qf2 Re2
34. Qg3 R5e3 35. Qg4 Rc2 36. c4 Ree2 37. Rg1 Re4 38. Qg5 Re5 39. Qf6 Rf5 40.
Qd8+ Kg7 41. Rae1 Rf3 42. Kh2 Rff2 43. Qg5 Rxc4 44. Re3 Rcc2 45. h4 d5 46. h5
Qf6 47. Qxd5 Qf4+ 48. Rg3 Rc3 49. Qg5 Qxg3+ 50. Qxg3 Rxg3 51. Kxg3 Rb2 52. hxg6
Kxg6 53. Rc1 Rb5 54. Ra1 c4 55. Kf4 c3 {Source: J C Henshaw via Brian Denman,
17 September 2020} 0-1

[Event "GBR-ch71 Major Open"]
[Site "Brighton"]
[Date "1984.08.01"]
[Round "3"]
[White "Henshaw, John C"]
[Black "Cooley, Christopher Martin"]
[Result "0-1"]
[WhiteElo "2208"]
[BlackElo "2304"]
[PlyCount "58"]
[EventDate "1984.07.30"]
[EventType "swiss"]
[EventRounds "11"]
[EventCountry "GBR"]

1. e4 c6 2. c4 d5 3. cxd5 cxd5 4. exd5 Nf6 5. Bb5+ Bd7 6. Bc4 g6 7. Nc3 Bg7 8.
Nge2 O-O 9. O-O Na6 10. d3 Nc7 11. Nf4 b5 12. Bb3 Bg4 13. f3 Bc8 14. Kh1 Bb7
15. Re1 b4 16. Na4 Nfxd5 17. Nc5 Bc6 18. d4 Nb5 19. Nxd5 Bxd5 20. Bg5 Bxb3 21.
Nxb3 Re8 22. Qd3 Nxd4 23. Rad1 Ne6 24. Qe4 Nxg5 25. Qh4 Nxf3 26. gxf3 Qb6 27.
Rxe7 Bf6 28. Rxe8+ Rxe8 29. Qc4 Qf2 {Source: J C Henshaw via Brian Denman, 17
September 2020} 0-1

[Event "GBR-ch71 Major Open"]
[Site "Brighton"]
[Date "1984.08.01"]
[Round "3"]
[White "Lee, Edward S"]
[Black "Denman, Brian John"]
[Result "1/2-1/2"]
[WhiteElo "2096"]
[BlackElo "2312"]
[PlyCount "102"]
[EventDate "1984.07.30"]
[EventType "swiss"]
[EventRounds "11"]
[EventCountry "GBR"]

1. e4 c5 2. c3 Nf6 3. d3 d5 4. e5 Nfd7 5. d4 Nc6 6. f4 cxd4 7. cxd4 Nb6 8. Nc3
Bf5 9. a3 e6 10. Nge2 h5 11. g3 Be7 12. Bg2 Qd7 13. b3 a6 14. Be3 Na7 15. O-O
Rc8 16. h3 Nb5 17. Nxb5 Qxb5 18. Ra2 Qd3 19. Kf2 Qxd1 20. Rxd1 Kd7 21. Bd2 Rc2
22. Rxc2 Bxc2 23. Ra1 Rc8 24. Nc1 f5 25. Bf1 Be4 26. Ke3 g5 27. Nd3 h4 28. gxh4
gxh4 29. a4 Rg8 30. Nc5+ Bxc5 31. dxc5 Rg3+ 32. Kd4 Nc8 33. b4 Kc7 34. b5 axb5
35. axb5 b6 36. Be1 Rf3 37. Bxh4 Rxf4 38. Bg5 Rf2 39. Rc1 bxc5+ 40. Rxc5+ Kb7
41. Rc1 f4 42. h4 Nb6 43. Kc5 Na4+ 44. Kd6 Bf5 45. h5 d4 46. h6 Nc3 47. Kd7 Ne4
48. Bd8 d3 49. Rc7+ Kb8 50. Rc8+ Kb7 51. Rc7+ Kb8 {Source: B J Denman, 17
September 2020} 1/2-1/2

[Event "GBR-ch71 Major Open"]
[Site "Brighton"]
[Date "1984.08.02"]
[Round "4"]
[White "Denman, Brian John"]
[Black "Murphy, Hugh W"]
[Result "1/2-1/2"]
[WhiteElo "2312"]
[BlackElo "2096"]
[PlyCount "79"]
[EventDate "1984.07.30"]
[EventType "swiss"]
[EventRounds "11"]
[EventCountry "GBR"]

1. e4 e6 2. d4 d5 3. Nd2 Nc6 4. Ngf3 Nf6 5. e5 Nd7 6. g3 b6 7. c3 Ncb8 8. Bd3
Ba6 9. Bxa6 Nxa6 10. Qe2 Qc8 11. Ng5 h6 12. Nh3 c5 13. a3 c4 14. f4 g6 15. O-O
h5 16. Nf3 Nab8 17. Nfg5 Bh6 18. f5 Bxg5 19. Bxg5 gxf5 20. Nf4 Nc6 21. Nxh5 Ne7
22. Nf6+ Nxf6 23. exf6 Ng6 24. Rxf5 Kd7 25. Rf2 Qg8 26. Re1 Rh3 27. Qg4 Qh7 28.
Kh1 Rh8 29. Bh4 Rxh4 30. gxh4 Nxh4 31. Rg1 Kc6 32. Qf4 Nf5 33. Rfg2 Kb7 34. Rg7
Qh5 35. R7g5 Qe2 36. R5g2 Qh5 37. Qg4 Qh6 38. Qg5 Qh3 39. Qg4 Qh6 40. Qg5 {
Source: B J Denman, 17 September 2020} 1/2-1/2

[Event "GBR-ch71 Major Open"]
[Site "Brighton"]
[Date "1984.08.02"]
[Round "4"]
[White "McAllan, Ian"]
[Black "Henshaw, John C"]
[Result "1/2-1/2"]
[WhiteElo "2072"]
[BlackElo "2208"]
[PlyCount "98"]
[EventDate "1984.07.30"]
[EventType "swiss"]
[EventRounds "11"]
[EventCountry "GBR"]

1. e4 c5 2. c3 e6 3. d4 d5 4. exd5 exd5 5. Nf3 Nc6 6. Bb5 Bd6 7. dxc5 Bxc5 8.
O-O Nge7 9. Nbd2 O-O 10. Nb3 Bd6 11. Nbd4 Bg4 12. Qa4 Bh5 13. Bg5 Qc7 14. h3 h6
15. Bxe7 Nxe7 16. Bd3 Bc5 17. Rae1 Ng6 18. Bf5 Nf4 19. Kh1 Bg6 20. Ne5 Bxd4 21.
Qxd4 Bxf5 22. Qxf4 Be4 23. f3 Bc2 24. Ng6 Qxf4 25. Nxf4 Rfd8 26. Rf2 Ba4 27.
Rd2 Bc6 28. Kg1 Rd7 29. Kf2 Rad8 30. Ne2 g6 31. Nd4 Rd6 32. Re7 Bd7 33. Re5 Kf8
34. h4 Re8 35. Rde2 Rxe5 36. Rxe5 Rb6 37. Re2 Bb5 38. Rd2 Bc4 39. a3 Ke7 40.
Ke3 Kd6 41. f4 h5 42. f5 Ke5 43. Rf2 a5 44. fxg6 fxg6 45. b4 axb4 46. axb4 Ra6
47. Rf8 Ra2 48. Nf3+ Ke6 49. Ng5+ Ke5 {Source: J C Henshaw via Brian Denman,
17 September 2020} 1/2-1/2

[Event "GBR-ch71 Major Open"]
[Site "Brighton"]
[Date "1984.08.03"]
[Round "5"]
[White "Henshaw, John C"]
[Black "Smart, Leslie J"]
[Result "1-0"]
[WhiteElo "2208"]
[BlackElo "2064"]
[PlyCount "77"]
[EventDate "1984.07.30"]
[EventType "swiss"]
[EventRounds "11"]
[EventCountry "GBR"]

1. e4 c5 2. c3 d5 3. exd5 Qxd5 4. d4 e6 5. Nf3 Nf6 6. Bd3 Be7 7. O-O cxd4 8.
cxd4 O-O 9. Nc3 Qd6 10. Qe2 Nc6 11. Rd1 Nb4 12. Bb1 Nbd5 13. Bg5 b6 14. Qd3 Nb4
15. Qd2 Bb7 16. Ne5 Nfd5 17. Ne4 Qd8 18. Bxe7 Qxe7 19. a4 f6 20. Nf3 a5 21. Re1
Rac8 22. Ra3 Rc6 23. Nc3 Nxc3 24. Rxc3 Rd6 25. Qf4 Nd5 26. Qh4 g5 27. Nxg5 fxg5
28. Rg3 Kh8 29. Rxg5 Rf4 30. Qg3 Qf7 31. h4 Rd8 32. Ree5 Rf8 33. Bxh7 Rxf2 34.
Bg8 Rxg2+ 35. Qxg2 Nf4 36. Bxf7 Bxg2 37. Bxe6 Nxe6 38. Rxe6 Bb7 39. Rh6# {
Source: J C Henshaw via Brian Denman, 17 September 2020} 1-0

[Event "GBR-ch71 Major Open"]
[Site "Brighton"]
[Date "1984.08.04"]
[Round "6"]
[White "Myall, Ivan J"]
[Black "Henshaw, John C"]
[Result "0-1"]
[WhiteElo "2072"]
[BlackElo "2208"]
[PlyCount "42"]
[EventDate "1984.07.30"]
[EventType "swiss"]
[EventRounds "11"]
[EventCountry "GBR"]

1. e4 c5 2. c3 e6 3. d4 d5 4. exd5 exd5 5. Nf3 Nc6 6. Be3 cxd4 7. Nxd4 Bd6 8.
Bb5 Nge7 9. Nd2 O-O 10. N2f3 Bg4 11. Qc2 Rc8 12. Ng5 g6 13. Nxc6 Nxc6 14. Bxc6
bxc6 15. Qa4 Bd7 16. Qh4 h5 17. h3 Re8 18. O-O-O Qa5 19. Kb1 Rb8 20. Bd4 Re2
21. c4 Qa3 {Sources: J C Henshaw and 'Sussex Chess News' of September 1984.
Contributed by Brian Denman, 17 September 2020} 0-1

[Event "GBR-ch71 Major Open"]
[Site "Brighton"]
[Date "1984.08.06"]
[Round "7"]
[White "Henshaw, John C"]
[Black "Ivell, Nicholas W"]
[Result "1/2-1/2"]
[WhiteElo "2208"]
[BlackElo "2272"]
[PlyCount "98"]
[EventDate "1984.07.30"]
[EventType "swiss"]
[EventRounds "11"]
[EventCountry "GBR"]

1. e4 c5 2. c3 e6 3. d4 d5 4. exd5 exd5 5. Nf3 Nc6 6. Bb5 Bd6 7. O-O Nge7 8.
dxc5 Bxc5 9. Nbd2 O-O 10. Nb3 Bd6 11. Bg5 Bg4 12. Be2 Qc7 13. h3 Bh5 14. Nfd4
Bxe2 15. Qxe2 a6 16. Bxe7 Nxe7 17. Rfe1 Qb6 18. Rad1 Rac8 19. Qf3 a5 20. Re2 a4
21. Nd2 Ng6 22. g3 a3 23. bxa3 Qa5 24. N2b3 Qa6 25. Rde1 Rfd8 26. h4 Bxa3 27.
h5 Nf8 28. Re5 h6 29. Rxd5 Rxd5 30. Qxd5 Rxc3 31. Re8 Qd3 32. Qe5 Bb4 33. Kg2
Kh7 34. Qb8 Rc4 35. Rxf8 Bxf8 36. Qxf8 Qe4+ 37. Kh2 Qd5 38. Kg1 Qxh5 39. Qe7
Qd1+ 40. Kg2 Rxd4 41. Nxd4 Qxd4 42. Qxb7 Qc4 43. Qa8 h5 44. a4 h4 45. a5 hxg3
46. Kxg3 Qc3+ 47. f3 Qe5+ 48. Kf2 Qd4+ 49. Ke2 Qc4+ {Source: J C Henshaw via
Brian Denman, 17 September 2020} 1/2-1/2

[Event "GBR-ch71 Major Open"]
[Site "Brighton"]
[Date "1984.08.06"]
[Round "7"]
[White "Thomas, Ian L"]
[Black "Denman, Brian John"]
[Result "0-1"]
[WhiteElo "2152"]
[BlackElo "2312"]
[PlyCount "80"]
[EventDate "1984.07.30"]
[EventType "swiss"]
[EventRounds "11"]
[EventCountry "GBR"]

1. e4 c5 2. g3 g6 3. Bg2 Bg7 4. d3 Nc6 5. f4 d6 6. Nf3 e6 7. O-O Nge7 8. c3 O-O
9. Be3 b6 10. Kh1 f5 11. Qc2 Qd7 12. Nbd2 Bb7 13. Bg1 Rae8 14. Rfe1 Kh8 15.
Rad1 e5 16. fxe5 Nxe5 17. Nxe5 dxe5 18. Nf3 h6 19. h3 g5 20. Bh2 Ng6 21. Qe2 f4
22. Nxg5 hxg5 23. Qh5+ Kg8 24. Qxg6 f3 25. Bf1 Qe7 26. Re3 Rc8 27. Qh5 f2 28.
Bg2 c4 29. Bf1 Rc6 30. dxc4 Rh6 {The score gives 30...'R KB3'.} 31. Qe2 g4 32.
h4 Qe6 33. Bg2 Rhf6 34. Rf1 a5 35. b3 a4 36. Qc2 axb3 37. axb3 Bh6 38. Re2 Qf7
39. Qa2 Rf3 40. b4 Be3 {Source: B J Denman via Brian Denman, 17 September 2020}
0-1

[Event "GBR-ch71 Major Open"]
[Site "Brighton"]
[Date "1984.08.07"]
[Round "8"]
[White "Anthony, Gareth"]
[Black "Henshaw, John C"]
[Result "1/2-1/2"]
[WhiteElo "2056"]
[BlackElo "2208"]
[PlyCount "97"]
[EventDate "1984.07.30"]
[EventType "swiss"]
[EventRounds "11"]
[EventCountry "GBR"]

1. e4 c5 2. Nf3 e6 3. d4 cxd4 4. Nxd4 a6 5. Nc3 b5 6. Bd3 Ne7 7. O-O Nec6 8.
Nb3 Be7 9. f4 d6 10. Qh5 Nd7 11. Be3 Qc7 12. Kh1 Nf6 13. Qf3 Bb7 14. a4 b4 15.
Nb1 a5 16. N1d2 O-O 17. Qh3 Ba6 18. g4 Rfe8 19. g5 Nd7 20. Rf3 Nf8 21. Rg1 d5
22. exd5 exd5 23. Bxa6 Rxa6 24. Qf1 Raa8 25. Qb5 d4 26. Bxd4 Nxd4 27. Nxd4 Bc5
28. N2b3 Bxd4 29. Nxd4 Re4 30. Qd5 Rae8 31. f5 R8e5 32. Nb5 Rxd5 33. Nxc7 Rc5
34. Nb5 Rxc2 35. b3 Ree2 36. Rh3 Rf2 37. f6 gxf6 38. gxf6+ Ng6 39. Nd4 Rc5 40.
Rf3 Rxf3 41. Nxf3 Rf5 42. Nd4 Rxf6 43. Rg5 Rd6 44. Ne2 Rd3 45. Rxa5 Rxb3 46.
Rb5 Rb2 47. Nd4 Nf4 48. Kg1 Nd3 49. a5 {Source: J C Henshaw via Brian Denman,
17 September 2020} 1/2-1/2

[Event "GBR-ch71 Major Open"]
[Site "Brighton"]
[Date "1984.08.07"]
[Round "8"]
[White "Denman, Brian John"]
[Black "Holland, Chris KD"]
[Result "1-0"]
[WhiteElo "2312"]
[BlackElo "2128"]
[PlyCount "91"]
[EventDate "1984.07.30"]
[EventType "swiss"]
[EventRounds "11"]
[EventCountry "GBR"]

1. e4 e6 2. d4 d5 3. Nd2 Nf6 4. e5 Nfd7 5. f4 c5 6. c3 Nc6 7. Ndf3 Qb6 8. g3
cxd4 9. cxd4 Bb4+ 10. Kf2 g5 11. Be3 g4 12. Nd2 f6 13. Nb3 a5 14. a4 Rf8 15.
Bb5 h5 16. h3 h4 17. Qxg4 hxg3+ 18. Kxg3 fxe5 19. Qh5+ Kd8 20. fxe5 Ndxe5 21.
Nc5 Bxc5 22. dxc5 Qc7 23. Kg2 Qg7+ 24. Qg5+ Qxg5+ 25. Bxg5+ Kc7 26. h4 Bd7 27.
Ne2 Nf7 28. Bf4+ e5 29. Bg3 Bf5 30. Nc3 Rad8 31. Rhf1 Nd4 32. Rad1 Nc2 33. Kg1
Ne3 34. Nxd5+ Nxd5 35. Rxf5 Ne3 36. Rxd8 Kxd8 37. Rf3 Nc2 38. Bxe5 Rg8+ 39. Rg3
Rxg3+ 40. Bxg3 Nh6 41. Bd3 Nd4 42. Kg2 Ne6 43. Bd6 Nf7 44. Kg3 b6 45. Bg6 Nh8
46. cxb6 {Source: B J Denman, 17 September 2020} 1-0

[Event "GBR-ch71 Major Open"]
[Site "Brighton"]
[Date "1984.08.08"]
[Round "9"]
[White "Denman, Brian John"]
[Black "Kwiatkowski, Feliks J"]
[Result "1/2-1/2"]
[WhiteElo "2312"]
[BlackElo "2352"]
[PlyCount "62"]
[EventDate "1984.07.30"]
[EventType "swiss"]
[EventRounds "11"]
[EventCountry "GBR"]

1. e4 c5 2. Nc3 Nc6 3. Nf3 Nf6 4. d4 cxd4 5. Nxd4 e5 6. Ndb5 d6 7. Bg5 a6 8.
Na3 b5 9. Nd5 Be7 10. Bxf6 Bxf6 11. c3 O-O 12. Nc2 Bg5 13. a4 bxa4 14. Rxa4 a5
15. Bc4 Rb8 16. b3 Kh8 17. Nce3 g6 18. O-O f5 19. exf5 gxf5 20. Qh5 e4 21. h4
Bxh4 22. Nf4 Qg5 23. Qxg5 Bxg5 24. Ne6 Bxe6 25. Bxe6 f4 26. Nc4 e3 27. Nxd6 Kg7
28. Re4 Rbd8 29. Nf5+ Kg6 30. fxe3 Rxf5 31. exf4 Bf6 {Source: B J Denman, 17
September 2020} 1/2-1/2

[Event "GBR-ch71 Major Open"]
[Site "Brighton"]
[Date "1984.08.09"]
[Round "10"]
[White "Cooley, Christopher Martin"]
[Black "Denman, Brian John"]
[Result "1-0"]
[WhiteElo "2304"]
[BlackElo "2312"]
[PlyCount "75"]
[EventDate "1984.07.30"]
[EventType "swiss"]
[EventRounds "11"]
[EventCountry "GBR"]

1. e4 c5 2. c3 Nf6 3. e5 Nd5 4. d4 cxd4 5. cxd4 d6 6. Nf3 Nc6 7. Be2 e6 8. O-O
Be7 9. a3 O-O 10. Qd3 Bd7 11. Rd1 Rc8 12. Nc3 Nxc3 13. bxc3 Na5 14. exd6 Bxd6
15. Rb1 h6 16. Re1 Qc7 17. Bd2 Bc6 18. Bd1 Bxf3 19. Qxf3 Bxh2+ 20. Kh1 Bd6 21.
Bc2 Qe7 22. Qe4 f5 23. Qxe6+ Qxe6 24. Rxe6 Bxa3 25. Rb5 Nc4 26. Bf4 Rf7 27.
Rxf5 Rxf5 28. Bxf5 Rf8 29. g4 b5 30. d5 Rd8 31. Ra6 Bc5 32. Bc7 Ra8 {The score
gives 32...'R QN1'.} 33. d6 Bxf2 34. d7 Bb6 35. Rxb6 axb6 36. Be6+ Kf8 37.
d8=Q+ Rxd8 38. Bxd8 {Source: B J Denman, 17 September 2020} 1-0

[Event "GBR-ch71 Major Open"]
[Site "Brighton"]
[Date "1984.08.09"]
[Round "10"]
[White "Hennigan, Michael T"]
[Black "Henshaw, John C"]
[Result "0-1"]
[WhiteElo "2000"]
[BlackElo "2208"]
[PlyCount "83"]
[EventDate "1984.07.30"]
[EventType "swiss"]
[EventRounds "11"]
[EventCountry "GBR"]

1. Nf3 Nf6 2. g3 g6 3. Bg2 Bg7 4. O-O O-O 5. d3 d6 6. e4 c5 7. Nc3 Nc6 8. Nh4
Rb8 9. f4 Bd7 10. a4 a6 11. h3 b5 12. axb5 axb5 13. Be3 Ne8 14. Rb1 Nc7 15. Qd2
b4 16. Ne2 Nd4 17. f5 Nxe2+ 18. Qxe2 Nb5 19. Qd2 Nd4 20. Bh6 Ba4 21. Bxg7 Kxg7
22. c3 Nc6 23. Nf3 Ne5 24. b3 Bb5 25. c4 Bc6 26. d4 cxd4 27. Qxd4 Qb6 28. Qxb6
Rxb6 29. Nxe5 dxe5 30. Rfd1 Ra8 31. Rb2 Rba6 32. Kf2 Ra1 33. Rdd2 Rc1 34. g4
Rc3 35. Rdc2 Ra3 36. Rxc3 bxc3 37. Rb1 Ra2+ 38. Kg3 Rxg2+ 39. Kxg2 Bxe4+ 40.
Kf2 Bxb1 41. Ke2 Be4 42. b4 {Source: J C Henshaw via Brian Denman, 17
September 2020} 0-1

[Event "GBR-ch71 Major Open"]
[Site "Brighton"]
[Date "1984.08.10"]
[Round "11"]
[White "Henshaw, John C"]
[Black "Roe, Simon J"]
[Result "1/2-1/2"]
[WhiteElo "2208"]
[BlackElo "2192"]
[PlyCount "71"]
[EventDate "1984.07.30"]
[EventType "swiss"]
[EventRounds "11"]
[EventCountry "GBR"]

1. c4 Nf6 2. Nc3 g6 3. e4 e5 4. Nf3 d6 5. d4 exd4 6. Nxd4 Bg7 7. Be2 O-O 8. O-O
Re8 9. f3 c6 10. Nc2 Be6 11. Kh1 d5 12. cxd5 cxd5 13. Bg5 Qb6 14. Nxd5 Nxd5 15.
exd5 Bxd5 16. Qxd5 Rxe2 17. Rae1 Rxe1 18. Rxe1 Nc6 19. b3 Qf2 20. Qe4 Qc5 21.
Bf4 h5 22. Rd1 Qb5 23. h3 Rd8 24. Rxd8+ Nxd8 25. Ne3 Ne6 26. Nc4 Qd7 27. Be5
Nc5 28. Qe3 Qe7 29. Qd4 Bxe5 30. Nxe5 b6 31. Qd5 Qe6 32. Qxe6 Nxe6 33. Nc6 a6
34. Nb8 Nc7 35. Nd7 b5 36. b4 {Source: J C Henshaw via Brian Denman, 17
September 2020} 1/2-1/2

[Event "GBR-ch71 Veterans"]
[Site "Brighton"]
[Date "1984.08.08"]
[Round "9"]
[White "Rutland, George W"]
[Black "Scott, David Bernard"]
[Result "0-1"]
[WhiteElo "1792"]
[BlackElo "1976"]
[PlyCount "48"]
[EventDate "1984.07.30"]
[EventType "swiss"]
[EventRounds "11"]
[EventCountry "GBR"]

1. e4 c5 2. c3 Nf6 3. e5 Nd5 4. Bc4 Nb6 5. Bb3 d6 6. Nf3 Nc6 7. e6 fxe6 8. Ng5
c4 9. Bc2 Nd5 10. Qh5+ Kd7 11. Nxe6 Qa5 12. Qh3 Ke8 13. Bf5 g6 14. Ng7+ Bxg7
15. Bxc8 Nf4 16. Qd7+ Kf7 17. Bxb7 Ne5 18. Bd5+ Qxd5 19. Qa4 Ned3+ 20. Kd1
Nxf2+ 21. Ke1 Qe4+ 22. Kxf2 Qe2+ 23. Kg3 Qxg2+ 24. Kxf4 Bh6# {Source: 'Sussex
Chess News' of September 1984. Contributed by Brian Denman, 17 September 2020}
0-1

[Event "GBR-ch71 Five-Day PM"]
[Site "Brighton"]
[Date "1984.07.31"]
[Round "2"]
[White "Hann, C"]
[Black "Smith, Arthur Eric"]
[Result "1-0"]
[WhiteElo "1824"]
[BlackElo "1920"]
[PlyCount "41"]
[EventDate "1984.07.30"]
[EventType "swiss"]
[EventRounds "5"]
[EventCountry "GBR"]

1. Nf3 d5 2. g3 Nf6 3. Bg2 c6 4. O-O Bf5 5. d3 e6 6. Nbd2 Nbd7 7. b3 Bd6 8. Bb2
Qe7 9. Qe1 e5 10. e4 dxe4 11. dxe4 Bg6 12. Nh4 O-O-O 13. Nc4 Bc5 14. Rd1 Nh5
15. Bh3 f6 16. Qe2 Kb8 17. Qg4 Nb6 18. Nxb6 Bxb6 19. Nxg6 hxg6 20. Rxd8+ Bxd8
21. Qc8# {Source: Canon A E Smith via Brian Denman, 17 September 2020} 1-0

[Event "GBR-ch71 Five-Day PM"]
[Site "Brighton"]
[Date "1984.08.02"]
[Round "4"]
[White "Smith, Arthur Eric"]
[Black "Primett, A Philip"]
[Result "1-0"]
[WhiteElo "1920"]
[BlackElo "1944"]
[PlyCount "57"]
[EventDate "1984.07.30"]
[EventType "swiss"]
[EventRounds "5"]
[EventCountry "GBR"]

1. e4 e5 2. Nf3 Nf6 3. Nc3 Nc6 4. Bb5 Nd4 5. Bc4 Bc5 6. Nxe5 Qe7 7. Nf3 d5 8.
Nxd5 Qxe4+ 9. Ne3 Bg4 10. Be2 Nxe2 11. Qxe2 O-O-O 12. d3 Qg6 13. Ne5 Bxe2 14.
Nxg6 hxg6 15. Kxe2 Nd5 16. Nxd5 Rxd5 17. Be3 Re8 18. Kd2 Bb4+ 19. c3 Be7 20.
Rhe1 Red8 21. d4 c5 22. Kc2 cxd4 23. Bxd4 Bf6 24. Be3 Kc7 25. Red1 b6 26. Rxd5
Rxd5 27. Rd1 Rh5 28. Bf4+ Be5 29. g4 {Source: Canon A E Smith via Brian Denman,
17 September 2020} 1-0